000 00567cam a22002053a 4500
001 38782
003 PGUSA
005 20140828083844.0
008 120206s2012||||xxu|||||s|||||000 | eng d
040 _aPGUSA
_beng
042 _adc
100 1 _aHubert, Philip Gengembre
245 1 0 _aInventors
_h[electronic resource] /
_cPhilip Gengembre Hubert
260 _bProject Gutenberg,
_c2012
506 _aPublic domain in the USA.
516 _aElectronic text
830 0 _aProject Gutenberg
_v38782
856 4 0 _uhttp://www.gutenberg.org/ebooks/38782
942 _cEB
999 _c268036
_d268036